Estadísticas para 15 principales países afectados por Covid19 - 3 de junio

Haz click aquí para intentar la prueba.

Estadísticas generales

  • Esta prueba ha sido intentada 2 veces
  • La puntuación promedio es 21 de 25

Estadísticas de respuestas

país% Correcto
Alemania
100%
Bélgica
100%
Brasil
100%
Canadá
100%
España
100%
Estados Unidos
100%
Francia
100%
India
100%
Irán
100%
Irlanda
100%
Italia
100%
México
100%
Perú
100%
Reino Unido
100%
Rusia
100%
Suecia
100%
Turquía
100%
Baréin
50%
Bielorrusia
50%
Catar
50%
Chile
50%
Chile
50%
Kuwait
50%
Singapur
50%
Emiratos
Árabes Unidos
0%

Distribución de puntuación

Porcentaje por número respondido

Porcentaje de gente con cada puntuación

Historial de tus puntuaciones

No has intentado esta prueba.